000 nam a22 7a 4500
999 _c10017
_d10017
008 180209b ||||| |||| 00| 0 eng d
100 _aMurray,W
_96054
245 _aKey words reading scheme
260 _aLondon
_bLadybird Publication
_c1993